| 000 | 02045nam0a2200373 4500 | ||
|---|---|---|---|
| 001 | RU\NLR\BIBL_A\011977220 | ||
| 005 | 20210416110838.0 | ||
| 010 |
_a978-5-7692-1624-4 _9100 |
||
| 021 |
_aRU _bКН-П-19-016287 _9КН-П-19-1223 |
||
| 035 | _a(NLR Aleph) 011977220 | ||
| 035 | _a(RuMoRGB)009912794 | ||
| 090 |
_a11289310 _c11289310 |
||
| 100 | _a20190401d2018 k y0rusy50 ca | ||
| 101 | 0 | _arus | |
| 102 | _aRU | ||
| 105 | _aa|||z|||000zy | ||
| 200 | 1 |
_aУправление и оценивание состояний динамических систем с неопределенностью _fБ.И. Ананьев, М.И. Гусев, Т.Ф. Филиппова _gИнститут математики и механики им. Н.Н. Красовского УрО РАН |
|
| 210 |
_aНовосибирск _cИзд-во Сибирского отделения Российской академии наук _d2018 |
||
| 215 |
_a192 с. _cцв. ил. _d25 |
||
| 320 | _aБиблиогр.: с. 177-192 (192 назв.) | ||
| 606 | 1 |
_aДинамические системы _xУправление _2nlr_sh1 _2nlr_sh2 _3RU\NLR\AUTH\66371625 |
|
| 606 | 1 |
_aДинамические системы _xОценивание _2nlr_sh1 _2nlr_sh2 _3RU\NLR\AUTH\66371509 |
|
| 606 | 1 |
_aМногозначные отображения _2nlr_sh2 _3RU\NLR\AUTH\661320204 |
|
| 686 | 1 | _aВ161.618 | |
| 686 | 1 | _aВ161.48 | |
| 700 | 1 |
_aАнаньев _bБ. И. _gБорис Иванович |
|
| 701 | 1 |
_aГусев _bМ. И. _cд-р физ.-мат. наук, математика _f1946- _gМихаил Иванович _3RU\NLR\AUTH\770205414 |
|
| 701 | 1 |
_aФилиппова _bТ. Ф. _cд-р физ.-мат. наук, математика _f1951- _gТатьяна Федоровна _3RU\NLR\AUTH\770129082 |
|
| 942 | _cBOOK | ||
| 980 | _aNBR | ||
| 980 | _aNB | ||